Freeing the adjudication genie from its 28-day decision bottle (Record no. 74753)

MARC details
000 -LEADER
fixed length control field 01801cab a2200241 4500
001 - CONTROL NUMBER
control field ABS68623
008 - FIXED-LENGTH DATA ELEMENTS--GENERAL INFORMATION
fixed length control field 050125n2005 000 0 eng u
035 ## - SYSTEM CONTROL NUMBER
System control number (Sirsi) u128608
100 ## - MAIN ENTRY--PERSONAL NAME
Personal name Franklin, K.
245 ## - TITLE STATEMENT
Title Freeing the adjudication genie from its 28-day decision bottle
260 ## - PUBLICATION, DISTRIBUTION, ETC.
Date of publication, distribution, etc. 2005
490 ## - SERIES STATEMENT
Series statement Architects' Journal
Volume/sequential designation 221(1) 13 January 2005, 39(1)
520 ## - SUMMARY, ETC.
Summary, etc. Considers the consequences for adjudicators brought about by a cluster of cases decided by the Technology and Construction Court. The Judge in particular questioned whether it was possible for an adjudicator to come to a conclusion to a case within a 28-day process. For example, in "AWG Construction Services Ltd v Rockingham Motor Speedway Ltd" ([2004] EWHC 88 (TCC), [2004] TCLR 6) the adjudication process was rendered unenforceable by AWG not having a proper opportunity to consider new material produced. Judge Toulmin found that the test for deciding whether a dispute was suitable for adjudication was not if it was too complex but whether an adjudicator could reach a fair decision within the time agreed between the parties.
590 ## - LOCAL NOTE (RLIN)
Local note ABS
650 ## - SUBJECT ADDED ENTRY--TOPICAL TERM
Topical term or geographic name entry element MANAGEMENT-DISPUTE AVOIDANCE, MANAGEMENT AND RESOLUTION-DISPUTE MANAGEMENT AND RESOLUTION-ALTERNATIVE DISPUTE RESOLUTION-ADJUDICATION
650 ## - SUBJECT ADDED ENTRY--TOPICAL TERM
Topical term or geographic name entry element MANAGEMENT-DISPUTE AVOIDANCE, MANAGEMENT AND RESOLUTION-DISPUTE MANAGEMENT AND RESOLUTION-ALTERNATIVE DISPUTE RESOLUTION-ADJUDICATION-ADJUDICATORS
650 ## - SUBJECT ADDED ENTRY--TOPICAL TERM
Topical term or geographic name entry element AWG CONSTRUCTION LTD V ROCKINGHAM MOTOR SPEEDWAY LTD
650 ## - SUBJECT ADDED ENTRY--TOPICAL TERM
Topical term or geographic name entry element BREACHES OF NATURAL JUSTICE
650 ## - SUBJECT ADDED ENTRY--TOPICAL TERM
Topical term or geographic name entry element CIB PROPERTIES LTD V BIRSE CONSTRUCTION LTD
650 ## - SUBJECT ADDED ENTRY--TOPICAL TERM
Topical term or geographic name entry element MCALPINE PPS PIPELINE SYSTEMS LTD V TRANSCO PLC
690 ## - LOCAL SUBJECT ADDED ENTRY--TOPICAL TERM (OCLC, RLIN)
Topical term or geographic name as entry element MANGEMENT-DISPUTE AVOIDANCE, MANAGEMENT AND RESOLUTION-DISPUTE MANAGEMENT AND RESOLUTION
942 ## - ADDED ENTRY ELEMENTS (KOHA)
Suppress in OPAC 0
Holdings
Withdrawn status Lost status Source of classification or shelving scheme Damaged status Not for loan Home library Current library Shelving location Date acquired Total Checkouts Full call number Barcode Date last seen Copy number Price effective from Koha item type
    Dewey Decimal Classification     London London Journal article 25/01/2005   ABS68623 128608-1001 06/08/2019 1 06/08/2019 Journal article